00703nam a2200229Ia 4500001001000000003000500010008004100015010001100056020002400067040000900091082002100100100003100121245008700152260002300239300001100262650002900273650002700302650003700329650003500366650003600401650003600437Para_2408CHAP220125s1989 xx 000 0 und d a200942 a968 - 884 - 076 - 9 cCHAP aPA 333.31727 D87 aDurand Alcántara, Carlos aLa lucha campesina en Oaxaca y Guerrero (1978-1987) /c Carlos Durand Alcántara aMéxico :b UACh a197 p. aCampesinado x Guerrero  aCampesinado x Oaxaca  aGuerrero x Condiciones rurales  aOaxaca x Condiciones rurales  aTierras x Tenencia x Guerrero aTierras x Tenencias x Oaxaca